<?xml version="1.0" encoding="UTF-8"?>
<marc:record xmlns:marc="http://www.loc.gov/MARC21/slim">
   <marc:leader>00000nam a2200000 a 4500</marc:leader>
   <marc:datafield ind1="1" ind2=" " tag="100">
      <marc:subfield code="a">Wogowitsch, Christine</marc:subfield>
      <marc:subfield code="4">aut</marc:subfield>
      <marc:subfield code="e">Verfasser/-in</marc:subfield>
   </marc:datafield>
   <marc:datafield ind1=" " ind2=" " tag="653">
      <marc:subfield code="a">Likör</marc:subfield>
   </marc:datafield>
   <marc:datafield ind1=" " ind2=" " tag="653">
      <marc:subfield code="a">Sirup</marc:subfield>
   </marc:datafield>
   <marc:datafield ind1=" " ind2=" " tag="653">
      <marc:subfield code="a">Saft</marc:subfield>
   </marc:datafield>
   <marc:datafield ind1=" " ind2=" " tag="653">
      <marc:subfield code="a">Eingemachtes</marc:subfield>
   </marc:datafield>
   <marc:datafield ind1=" " ind2=" " tag="653">
      <marc:subfield code="a">Konfitüre</marc:subfield>
   </marc:datafield>
   <marc:datafield ind1=" " ind2=" " tag="653">
      <marc:subfield code="a">Tiefgefrieren</marc:subfield>
   </marc:datafield>
   <marc:datafield ind1=" " ind2=" " tag="653">
      <marc:subfield code="a">Trocknen</marc:subfield>
   </marc:datafield>
   <marc:datafield ind1="0" ind2="0" tag="245">
      <marc:subfield code="a">Selbstgemachtes</marc:subfield>
   </marc:datafield>
   <marc:datafield ind1="0" ind2="0" tag="245">
      <marc:subfield code="c">[Autorin: Christine Wogowitsch]</marc:subfield>
   </marc:datafield>
   <marc:datafield ind1=" " ind2="1" tag="264">
      <marc:subfield code="a">Leopoldsdorf</marc:subfield>
      <marc:subfield code="b">Österr. Agrarverl.</marc:subfield>
      <marc:subfield code="c">2001</marc:subfield>
   </marc:datafield>
   <marc:datafield ind1="1" ind2=" " tag="490">
      <marc:subfield code="a">Natur im Garten</marc:subfield>
      <marc:subfield code="v">3</marc:subfield>
   </marc:datafield>
   <marc:datafield ind1="1" ind2=" " tag="520">
      <marc:subfield code="a">Eine Einladung für alle, die Früchte des Gartens so zu nutzen, wie es zu Zeiten unserer Großeltern praktiziert wurde, aber auch mittels einfacher, moderner Rezepte. Vom Lagern über Trocknen und Tiefgefrieren, von der Herstellung von Marmeladen, Fruchtsäften und milchsaurem Gemüse sowie Chutneys und Gewürzessenzen bis zum Einlegen in Alkohol - die jeweiligen Verfahren werden eingehend beschrieben, auch auf den Gesundheitswert wird eingegangen. Die Beschreibung von Arbeitsgeräten und Tipps für das Gelingen fehlen nicht. Im Rezeptteil finden Sie viele neue Ideen wie auch Altbekanntes: Weintraubengelee, Holunder-Apfelkonfitüre, Zwiebelchutney, Zitronenthymianessig, Essigzwetschken, Powidl. Gurkenragout, Rumtopf, Birnen in Rotwein ... - all diese Rezepte laden zum Selbermachen ein. Ihrer Kreativität sind hierbei keine Grenzen gesetzt!</marc:subfield>
   </marc:datafield>
   <marc:datafield ind1=" " ind2=" " tag="020">
      <marc:subfield code="a">9783704018564</marc:subfield>
      <marc:subfield code="9">9783704018564</marc:subfield>
   </marc:datafield>
   <marc:datafield ind1=" " ind2=" " tag="041">
      <marc:subfield code="a">ger</marc:subfield>
   </marc:datafield>
   <marc:datafield ind1=" " ind2=" " tag="300">
      <marc:subfield code="b">zahlr. Ill. (viele)</marc:subfield>
   </marc:datafield>
   <marc:datafield ind1="0" ind2=" " tag="490">
      <marc:subfield code="v">3</marc:subfield>
   </marc:datafield>
   <marc:datafield ind1="1" ind2=" " tag="521">
      <marc:subfield code="a">0</marc:subfield>
   </marc:datafield>
   <marc:datafield ind1=" " ind2=" " tag="300">
      <marc:subfield code="a">128 S.</marc:subfield>
   </marc:datafield>
</marc:record>
